[Event "30.Schlosspark-Open"]
[Site "Wiesbaden-Biebrich"]
[Date "2018.08.23"]
[Round "1.1"]
[White "Guertler, Karl-Heinz"]
[Black "Khenkin, Igor"]
[Result "0-1"]
[WhiteElo "1908"]
[BlackElo "2558"]
[PlyCount "74"]
[EventDate "2018.??.??"]
[WhiteTeam "SC Ober-Ramstadt"]
[BlackTeam "SC Heusenstamm"]

1. e4 c6 2. d4 d5 3. exd5 cxd5 4. Bd3 Nc6 5. c3 Nf6 6. Bf4 Bg4 7. Qb3 Qd7 8.
Ne2 e6 9. f3 Bh5 10. Nd2 Bg6 11. Bxg6 hxg6 12. O-O-O Na5 13. Qc2 Rc8 14. Kb1 b5
15. Qd3 a6 16. Rhe1 Bd6 17. h3 Nc4 18. Nxc4 dxc4 19. Qd2 Nd5 20. Be5 f6 21. Bg3
Kf7 22. Nf4 Bxf4 23. Bxf4 b4 24. Bg3 a5 25. Ka1 Rc6 26. Re4 Rb6 27. Rc1 Rc8 28.
Qe2 a4 29. cxb4 Nxb4 30. d5 exd5 31. Rd4 Nd3 32. Rb1 Qb5 33. Be1 Re8 34. Qd2
Rxe1 35. Rxe1 Nxe1 36. Rxd5 Nc2+ 37. Kb1 Qxb2# 0-1

[Event "30.Schlosspark-Open"]
[Site "Wiesbaden-Biebrich"]
[Date "2018.08.23"]
[Round "1.2"]
[White "Poetsch, Hagen"]
[Black "Schmidt, Volker"]
[Result "1-0"]
[WhiteElo "2513"]
[BlackElo "1905"]
[PlyCount "79"]
[EventDate "2018.??.??"]
[WhiteTeam "SC Heusenstamm"]
[BlackTeam "TuS Dotzheim"]

1. e4 c5 2. Nf3 d6 3. d4 cxd4 4. Nxd4 Nc6 5. Nc3 g6 6. Be3 Bg7 7. Qd2 Nf6 8. f3
O-O 9. O-O-O Nxd4 10. Bxd4 Be6 11. Kb1 Qa5 12. Nd5 Qxd2 13. Nxe7+ Kh8 14. Rxd2
Rfe8 15. Bxf6 Bxf6 16. Nd5 Bxd5 17. Rxd5 Red8 18. Bc4 Kg7 19. Rhd1 Be7 20. b4
Rac8 21. Bb3 h5 22. f4 b6 23. R1d3 Re8 24. Rf3 Bf6 25. Re3 Be7 26. e5 Red8 27.
exd6 Bxd6 28. Red3 Be7 29. Rd7 Rxd7 30. Rxd7 Bxb4 31. Rxf7+ Kh6 32. Rxa7 Bc3
33. Be6 Re8 34. Rc7 Bg7 35. Rc6 b5 36. c3 Bxc3 37. Bf5 Re1+ 38. Kc2 Kg7 39.
Rxg6+ Kf7 40. Kxc3 1-0

[Event "30.Schlosspark-Open"]
[Site "Wiesbaden-Biebrich"]
[Date "2018.08.23"]
[Round "1.3"]
[White "Bakiev, Diyor"]
[Black "Milov, Leonid"]
[Result "0-1"]
[WhiteElo "1899"]
[BlackElo "2469"]
[PlyCount "130"]
[EventDate "2018.??.??"]
[WhiteTeam "SV Ffm-Griesheim"]
[BlackTeam "SC Noris-Tarrasch Nuernberg"]

1. e4 c5 2. c3 d5 3. exd5 Qxd5 4. d4 Nf6 5. Nf3 Bg4 6. Be2 e6 7. O-O Nc6 8. Be3
cxd4 9. cxd4 Bd6 10. h3 Bh5 11. Nc3 Qa5 12. Qb3 Qb4 13. Qc2 O-O 14. a3 Qa5 15.
Rfd1 Ne7 16. b4 Qd8 17. Bg5 Bg6 18. Bd3 Rc8 19. Qd2 Qb6 20. Bxf6 gxf6 21. Ne4
Nd5 22. Nxd6 Qxd6 23. Rac1 Nf4 24. Bxg6 hxg6 25. Qe3 g5 26. h4 Nd5 27. Qd2 gxh4
28. Nxh4 Kg7 29. Qe2 Qf4 30. g3 Qxc1 31. Rxc1 Rxc1+ 32. Kg2 Rfc8 33. Qb5 Nb6
34. a4 Rd8 35. a5 Rd5 36. Qe2 Nc8 37. Qg4+ Rg5 38. Qe4 Nd6 39. Qf4 Rc6 40. Nf3
Rf5 41. Qg4+ Kf8 42. Qh4 Rc3 43. Qh8+ Ke7 44. Nh4 Rb5 45. Qh7 Rg5 46. Nf3 Rg4
47. Qh5 Re4 48. d5 e5 49. Qh7 Rxb4 50. Nh4 Rg4 51. Nf5+ Nxf5 52. Qxf5 Rd4 53.
Qb1 Rc7 54. Qb5 Kf8 55. Qb3 Rd7 56. Qf3 Kg7 57. d6 R4xd6 58. Qg4+ Kf8 59. f4 e4
60. f5 Re7 61. Qh5 Re5 62. Qh8+ Ke7 63. Qb8 Rd7 64. Qc8 e3 65. Qc3 e2 0-1

[Event "30.Schlosspark-Open"]
[Site "Wiesbaden-Biebrich"]
[Date "2018.08.23"]
[Round "1.4"]
[White "Carow, Johannes"]
[Black "Buehler, Severin"]
[Result "1-0"]
[WhiteElo "2445"]
[BlackElo "1892"]
[PlyCount "47"]
[EventDate "2018.??.??"]
[WhiteTeam "SF Heidesheim"]
[BlackTeam "Heilbronner SV"]

1. d4 Nf6 2. c4 g6 3. f3 Bg7 4. e4 d6 5. Nc3 O-O 6. Be3 Nc6 7. Nge2 a6 8. Qd2
Rb8 9. Rc1 Bd7 10. Nd1 e5 11. d5 Ne7 12. Nf2 Ne8 13. g3 f5 14. Bg2 Nf6 15. O-O
Rf7 16. c5 Bb5 17. Rfe1 Kh8 18. Nh3 Bd7 19. cxd6 cxd6 20. Qb4 Bb5 21. Ng5 Rf8
22. Ne6 Qd7 23. Nxf8 Rxf8 24. Nc3 1-0

[Event "30.Schlosspark-Open"]
[Site "Wiesbaden-Biebrich"]
[Date "2018.08.23"]
[Round "1.5"]
[White "Thomele, Michael"]
[Black "Gutman, Lev"]
[Result "0-1"]
[WhiteElo "1886"]
[BlackElo "2442"]
[PlyCount "66"]
[EventDate "2018.??.??"]
[WhiteTeam "SC Obernau"]
[BlackTeam "SV Lingen"]

1. e4 c5 2. Nf3 d6 3. Nc3 a6 4. d4 cxd4 5. Nxd4 Nf6 6. Be2 e6 7. g4 Nc6 8. Be3
h6 9. g5 hxg5 10. Bxg5 Qa5 11. Bxf6 gxf6 12. Nxc6 bxc6 13. Qd4 Rb8 14. Rb1 Qe5
15. Qxe5 fxe5 16. h4 d5 17. a3 f5 18. f3 d4 19. Nd1 Bxa3 20. Ra1 Bb4+ 21. c3
Be7 22. h5 Bg5 23. Bc4 Ke7 24. b3 Bb7 25. Ke2 c5 26. Kd3 Rbd8 27. Nf2 dxc3+ 28.
Kxc3 Be3 29. Raf1 Rhg8 30. h6 Rg2 31. h7 Bd4+ 32. Kc2 Bxf2 33. h8=Q Bh4+ 0-1

[Event "30.Schlosspark-Open"]
[Site "Wiesbaden-Biebrich"]
[Date "2018.08.23"]
[Round "1.6"]
[White "Inkiov, Ventzislav"]
[Black "Boder, Jan"]
[Result "1-0"]
[WhiteElo "2425"]
[BlackElo "1842"]
[PlyCount "113"]
[EventDate "2018.??.??"]
[WhiteTeam "SK Oetigheim"]
[BlackTeam "SG Moersdorf-Lahr"]

1. d4 Nf6 2. c4 c5 3. e3 cxd4 4. exd4 d5 5. Nc3 e6 6. Nf3 Nc6 7. Bd3 Be7 8. O-O
O-O 9. a3 Na5 10. c5 Nc6 11. b4 b6 12. Re1 Nb8 13. Ne5 Bb7 14. Bf4 a6 15. Re3
Nc6 16. Nxc6 Bxc6 17. Be5 Nd7 18. Rh3 h6 19. Bf4 Bg5 20. Qd2 Bxf4 21. Qxf4 Qf6
22. Qd6 Rfc8 23. Rd1 bxc5 24. bxc5 Nf8 25. Rg3 Nh7 26. Rf3 Qd8 27. Qxd8+ Rxd8
28. Bxh7+ Kxh7 29. Rxf7 Rab8 30. Rc7 Be8 31. Ne2 Ba4 32. Re1 Re8 33. Nf4 e5 34.
Nxd5 Kh8 35. dxe5 Rxe5 36. Ne3 Rb3 37. Rc1 Rxa3 38. Rc8+ Kh7 39. c6 Re7 40. c7
Bd7 41. Rd8 Be6 42. h3 a5 43. c8=Q Bxc8 44. Rdxc8 Ra7 45. R8c7 Rxc7 46. Rxc7
Kg6 47. g4 Kf6 48. Nf5 a4 49. Kg2 Ra1 50. Nxg7 a3 51. h4 a2 52. Nh5+ Ke5 53.
Ra7 Ke4 54. g5 hxg5 55. hxg5 Kf5 56. Ra5+ Kg6 57. Nf4+ 1-0

[Event "30.Schlosspark-Open"]
[Site "Wiesbaden-Biebrich"]
[Date "2018.08.23"]
[Round "1.7"]
[White "Ochs, Daniel Elias"]
[Black "Meinhardt, Maximilian"]
[Result "0-1"]
[WhiteElo "1872"]
[BlackElo "2391"]
[PlyCount "50"]
[EventDate "2018.??.??"]
[WhiteTeam "Wiesbadener SV"]
[BlackTeam "SC Viernheim"]

1. d4 e6 2. Nf3 c5 3. d5 exd5 4. Qxd5 Nf6 5. Qd1 d5 6. c4 d4 7. Bg5 h6 8. Bh4
Be7 9. e3 Ne4 10. Bxe7 Qxe7 11. Bd3 O-O 12. Qe2 Ng5 13. Nxg5 Qxg5 14. O-O dxe3
15. Qxe3 Qxe3 16. fxe3 Nc6 17. Nc3 Ne5 18. Rad1 Bg4 19. Rd2 Rfd8 20. Nd5 Nxd3
21. Rxd3 Be2 22. Ne7+ Kf8 23. Rxd8+ Rxd8 24. Re1 Bxc4 25. b3 Be6 0-1

[Event "30.Schlosspark-Open"]
[Site "Wiesbaden-Biebrich"]
[Date "2018.08.23"]
[Round "1.8"]
[White "Muckle, Julius"]
[Black "Held, Maurice"]
[Result "1-0"]
[WhiteElo "2326"]
[BlackElo "1802"]
[PlyCount "47"]
[EventDate "2018.??.??"]
[WhiteTeam "SK Ludwigshafen"]
[BlackTeam "SC Ladja Rossdorf"]

1. d4 g6 2. c4 Bg7 3. Nc3 d6 4. e4 Nc6 5. Be3 e5 6. d5 Nce7 7. Qd2 f5 8. f3 Nf6
9. O-O-O O-O 10. Bd3 Bd7 11. Nge2 f4 12. Bf2 g5 13. g4 Ng6 14. h4 h6 15. c5 Qb8
16. hxg5 hxg5 17. Ng1 b6 18. c6 Bc8 19. Nh3 Nh7 20. Rh2 a5 21. Rdh1 Ba6 22.
Bxa6 Rxa6 23. Nxf4 exf4 24. Rxh7 1-0

[Event "30.Schlosspark-Open"]
[Site "Wiesbaden-Biebrich"]
[Date "2018.08.23"]
[Round "1.9"]
[White "Modric, Vladimir"]
[Black "Neukirchner, Pascal"]
[Result "1/2-1/2"]
[WhiteElo "1867"]
[BlackElo "2303"]
[PlyCount "62"]
[EventDate "2018.??.??"]
[WhiteTeam "SC Nied"]
[BlackTeam "SK Gruendau"]

1. Nf3 c5 2. g3 Nc6 3. Bg2 d5 4. O-O e5 5. d3 f6 6. Nbd2 Bg4 7. c3 Qd7 8. Re1
Nh6 9. e4 d4 10. c4 Nf7 11. a3 Be7 12. Rb1 a5 13. Qa4 O-O 14. Nf1 Bh3 15. Bd2
g5 16. Qc2 Kg7 17. Rec1 h5 18. b4 cxb4 19. axb4 Bxb4 20. Bxh3 Qxh3 21. c5 h4
22. Qc4 Qg4 23. Bxb4 Nxb4 24. N1d2 Rh8 25. Qb5 Rh7 26. Qxb7 Rah8 27. Rf1 Nxd3
28. Qe7 hxg3 29. fxg3 Rxh2 30. Qxf6+ Kxf6 31. Nxh2+ Qf4 1/2-1/2

[Event "30.Schlosspark-Open"]
[Site "Wiesbaden-Biebrich"]
[Date "2018.08.23"]
[Round "1.10"]
[White "Euler, Gerd"]
[Black "Eg, Karlheinz"]
[Result "1-0"]
[WhiteElo "2301"]
[BlackElo "1863"]
[PlyCount "53"]
[EventDate "2018.??.??"]
[WhiteTeam "SSG Hungen-Lich"]
[BlackTeam "SV Ruesselsheim"]

1. e4 e5 2. Nf3 Nc6 3. d4 exd4 4. Nxd4 Bc5 5. Be3 Qf6 6. c3 Nge7 7. Bc4 Ne5 8.
Be2 d6 9. O-O Bd7 10. f4 N5c6 11. b4 Bxd4 12. cxd4 Nxb4 13. Qd2 Nbc6 14. f5
O-O-O 15. Nc3 h6 16. d5 Ne5 17. Bxa7 g6 18. Qb2 Rdg8 19. Ba6 Kd8 20. Qxb7 Bc8
21. Qa8 gxf5 22. exf5 Ng4 23. Rf3 Qe5 24. g3 Rg5 25. Rd1 Qg7 26. f6 Nxf6 27.
Bd4 1-0

[Event "30.Schlosspark-Open"]
[Site "Wiesbaden-Biebrich"]
[Date "2018.08.23"]
[Round "1.11"]
[White "Kuebart, Thore"]
[Black "Zachary, Matheo"]
[Result "0-1"]
[WhiteElo "1863"]
[BlackElo "2264"]
[PlyCount "66"]
[EventDate "2018.??.??"]
[WhiteTeam "SK Radolfzell"]
[BlackTeam "OSG Baden-Baden"]

1. e4 c5 2. Nf3 Nc6 3. Bb5 Nf6 4. Bxc6 dxc6 5. d3 Bg4 6. Nbd2 Nd7 7. b3 e5 8.
h3 Bh5 9. Nf1 f6 10. Ng3 Bf7 11. O-O g6 12. Bb2 Qc7 13. Qe2 Be7 14. c3 O-O-O
15. Rfd1 Rhe8 16. Qc2 Bd6 17. Ne2 f5 18. Ng3 f4 19. Nf1 h6 20. d4 g5 21. d5
cxd5 22. exd5 e4 23. N3h2 Bg6 24. c4 Ne5 25. Bxe5 Bxe5 26. Rac1 h5 27. Qd2 Bd4
28. b4 Bf5 29. bxc5 Bxc5 30. Qc3 g4 31. hxg4 hxg4 32. g3 e3 33. fxe3 fxg3 0-1

[Event "30.Schlosspark-Open"]
[Site "Wiesbaden-Biebrich"]
[Date "2018.08.23"]
[Round "1.12"]
[White "Koellner, Ruben Gideon"]
[Black "Ahrends, Norbert"]
[Result "1-0"]
[WhiteElo "2253"]
[BlackElo "1860"]
[PlyCount "45"]
[EventDate "2018.??.??"]
[WhiteTeam "SG Bochum"]
[BlackTeam "SV Gross-Gerau"]

1. d4 d5 2. c4 c6 3. cxd5 cxd5 4. Nc3 Nf6 5. f3 Nc6 6. e4 dxe4 7. d5 Ne5 8.
fxe4 a6 9. Qa4+ Nfd7 10. Bf4 Qc7 11. Rc1 Nd3+ 12. Bxd3 Qxf4 13. Nge2 Qe3 14.
Nb5 Kd8 15. Qc2 e5 16. Qc7+ Ke8 17. d6 Nb6 18. Rf1 Bd7 19. Rf3 Qh6 20. Qxb6
axb5 21. Qxb7 Rd8 22. Bxb5 Bxd6 23. Bxd7+ 1-0

[Event "30.Schlosspark-Open"]
[Site "Wiesbaden-Biebrich"]
[Date "2018.08.23"]
[Round "1.13"]
[White "Michalski, Uwe"]
[Black "Haag, Martin"]
[Result "0-1"]
[WhiteElo "1860"]
[BlackElo "2229"]
[PlyCount "50"]
[EventDate "2018.??.??"]
[WhiteTeam "SF Mainz"]
[BlackTeam "SC Bonn Beuel"]

1. c4 c5 2. g3 e6 3. Bg2 Nf6 4. d3 Nc6 5. Nf3 d5 6. b3 Be7 7. O-O O-O 8. h3 b6
9. Bb2 Bb7 10. Nbd2 d4 11. a3 a5 12. Qc2 Qc7 13. Rae1 Rad8 14. e4 dxe3 15. Rxe3
Nd4 16. Qd1 Nf5 17. Re2 Rxd3 18. Ne5 Rdd8 19. Qc2 Nd4 20. Bxd4 Rxd4 21. Ndf3
Rd6 22. Nxf7 Rxf7 23. Ng5 Bxg2 24. Kxg2 Qc6+ 25. Kh2 Ng4+ 0-1

[Event "30.Schlosspark-Open"]
[Site "Wiesbaden-Biebrich"]
[Date "2018.08.23"]
[Round "1.14"]
[White "Nagel, Bernhard"]
[Black "Seidel, Martin"]
[Result "1-0"]
[WhiteElo "2214"]
[BlackElo "1860"]
[PlyCount "73"]
[EventDate "2018.??.??"]
[WhiteTeam "Koelner SK Dr. Lasker"]
[BlackTeam "SV Hennef"]

1. d4 Nf6 2. c4 g6 3. f3 Bg7 4. e4 d6 5. Nc3 Nc6 6. Be3 a6 7. Qd2 e5 8. Nge2
exd4 9. Nxd4 Nxd4 10. Bxd4 Bd7 11. Be2 Rb8 12. a4 O-O 13. O-O Qe7 14. Rfe1 Rfe8
15. Bf1 Bc6 16. b4 b6 17. Nd5 Qd8 18. Qc3 Nxd5 19. cxd5 Bxd4+ 20. Qxd4 Bb7 21.
Rec1 Re7 22. Rc3 Rc8 23. Rac1 Qd7 24. b5 a5 25. Qf6 Re5 26. g3 Qe7 27. Qxe7
Rxe7 28. Bh3 Rce8 29. Rxc7 f5 30. Kf2 Kf8 31. Rxe7 Rxe7 32. Rc4 fxe4 33. fxe4
Kf7 34. Be6+ Kf6 35. Ke3 Ke5 36. Rc1 h6 37. g4 1-0

[Event "30.Schlosspark-Open"]
[Site "Wiesbaden-Biebrich"]
[Date "2018.08.23"]
[Round "1.15"]
[White "Zachary, Bastian"]
[Black "Kiefer, Daniel"]
[Result "0-1"]
[WhiteElo "1860"]
[BlackElo "2197"]
[PlyCount "62"]
[EventDate "2018.??.??"]
[WhiteTeam "Mulhouse Philidor"]
[BlackTeam "SF Mainz"]

1. d4 Nf6 2. c4 g6 3. Nc3 d5 4. cxd5 Nxd5 5. e4 Nxc3 6. bxc3 Bg7 7. Nf3 c5 8.
Bb5+ Bd7 9. Be2 O-O 10. O-O Bg4 11. Be3 cxd4 12. cxd4 Nc6 13. d5 Bxf3 14. Bxf3
Ne5 15. Rb1 Nxf3+ 16. Qxf3 Qd7 17. Qe2 f5 18. f3 b6 19. Rfc1 Rac8 20. Qd1 b5
21. Rc6 fxe4 22. fxe4 Rxc6 23. dxc6 Qxc6 24. Qb3+ Qc4 25. Bxa7 Be5 26. Be3 Kg7
27. Qxc4 bxc4 28. Rc1 c3 29. Rc2 Rb8 30. Bc1 Rb2 31. Kf2 Bd4+ 0-1

[Event "30.Schlosspark-Open"]
[Site "Wiesbaden-Biebrich"]
[Date "2018.08.23"]
[Round "1.16"]
[White "Dietze, Frank"]
[Black "Hoffmann, Christian"]
[Result "1-0"]
[WhiteElo "2203"]
[BlackElo "1859"]
[PlyCount "105"]
[EventDate "2018.??.??"]
[WhiteTeam "vereinslos"]
[BlackTeam "BKA Wiesbaden"]

1. d4 Nf6 2. c4 g6 3. Nc3 Bg7 4. e4 d6 5. Be2 O-O 6. Bg5 Nbd7 7. Qd2 c5 8. d5
a6 9. h4 h5 10. f3 Ne5 11. O-O-O Bd7 12. Nh3 b5 13. Bh6 Qa5 14. Bxg7 Kxg7 15.
a3 b4 16. Nb1 Ba4 17. Rde1 Bb3 18. Qe3 Nxc4 19. Qxb3 Ne5 20. Bc4 Rab8 21. Nd2
bxa3 22. Qxa3 Qxd2+ 23. Kxd2 Nxc4+ 24. Kc3 Nxa3 25. bxa3 Rb7 26. Rb1 Rfb8 27.
Rxb7 Rxb7 28. Nf2 a5 29. Nd3 a4 30. Ra1 Rb3+ 31. Kc2 Nd7 32. Nb2 Ne5 33. Nxa4
Re3 34. Nc3 f5 35. exf5 gxf5 36. a4 Kf6 37. a5 Nc4 38. a6 Nb6 39. a7 Na8 40.
Kd2 f4 41. Rb1 Nc7 42. Rb7 Na8 43. Rb8 Nc7 44. Nb5 Nxb5 45. a8=Q Ra3 46. Rf8+
Ke5 47. Qb7 Nd4 48. Qxe7+ Kxd5 49. Qe4+ Kc4 50. Rxf4 Ra2+ 51. Ke1 Kc3 52. Qe3+
Kb2 53. Rxd4 1-0

[Event "30.Schlosspark-Open"]
[Site "Wiesbaden-Biebrich"]
[Date "2018.08.23"]
[Round "1.17"]
[White "Launert, Martin"]
[Black "Dzierzenga, Stefan"]
[Result "0-1"]
[WhiteElo "1859"]
[BlackElo "2196"]
[PlyCount "74"]
[EventDate "2018.??.??"]
[WhiteTeam "Sfr. Erbach"]
[BlackTeam "SC Bonn Beuel"]

1. e4 e6 2. d4 d5 3. exd5 exd5 4. Bd3 Bd6 5. Nf3 Ne7 6. Bg5 f6 7. Bh4 O-O 8.
Bg3 Ng6 9. Bxd6 Qxd6 10. Bxg6 hxg6 11. O-O g5 12. Qd3 Nc6 13. Nbd2 Ne7 14. c4
c6 15. Nb3 Bf5 16. Qc3 Ng6 17. cxd5 Qxd5 18. Qc5 Rfd8 19. Qxd5+ Rxd5 20. g3 Bc2
21. Nfd2 Ne7 22. Rfc1 Bg6 23. Nc4 Nf5 24. Ne3 Rd6 25. Rd1 a5 26. Nc4 Rdd8 27.
Ncxa5 Nxd4 28. Rxd4 Rxd4 29. Nxd4 Rxa5 30. a3 Rd5 31. Nf3 Rd3 32. Ne1 Rb3 33.
Ng2 Rxb2 34. Ne3 b5 35. f4 gxf4 36. gxf4 Be4 37. Rc1 Rb3 0-1

[Event "30.Schlosspark-Open"]
[Site "Wiesbaden-Biebrich"]
[Date "2018.08.23"]
[Round "1.18"]
[White "Jahnel, Guenther"]
[Black "Pauly, Markus"]
[Result "1-0"]
[WhiteElo "2195"]
[BlackElo "1805"]
[PlyCount "81"]
[EventDate "2018.??.??"]
[WhiteTeam "FVS ASP Hoyerswerda"]
[BlackTeam "Sfr. Erbach"]

1. d4 g6 2. c4 Bg7 3. Nc3 c5 4. d5 Bxc3+ 5. bxc3 Qa5 6. Qc2 f5 7. g4 Nf6 8.
gxf5 gxf5 9. Rb1 d6 10. Rb5 Qa6 11. e3 Nbd7 12. Nf3 Nb6 13. Nd2 Bd7 14. Rb2
O-O-O 15. Bd3 Kb8 16. a4 Rhg8 17. a5 Nc8 18. Ra2 Rdf8 19. f3 e6 20. Bf1 Ne7 21.
Kf2 Rg6 22. Rg1 Rfg8 23. Rxg6 Nxg6 24. Qb3 Rc8 25. Be2 Ne5 26. Nf1 exd5 27.
cxd5 c4 28. Qd1 Qb5 29. Ba3 Ka8 30. Bxd6 Nd3+ 31. Bxd3 cxd3 32. a6 b6 33. Rd2
Rxc3 34. Be5 Nxd5 35. Bxc3 Nxc3 36. Qa1 Qc4 37. Qa3 Bc8 38. Qf8 Qxa6 39. Rxd3
Qa2+ 40. Nd2 Kb7 41. Qg7+ 1-0

[Event "30.Schlosspark-Open"]
[Site "Wiesbaden-Biebrich"]
[Date "2018.08.23"]
[Round "1.19"]
[White "Hipler, Andreas"]
[Black "Henrich, Thomas"]
[Result "0-1"]
[WhiteElo "1852"]
[BlackElo "2193"]
[PlyCount "86"]
[EventDate "2018.??.??"]
[WhiteTeam "SK Gau-Algesheim"]
[BlackTeam "SK Marburg"]

1. d4 Nf6 2. Nf3 g6 3. Nc3 Bg7 4. e4 d6 5. Be3 c6 6. h3 Nbd7 7. Be2 O-O 8. O-O
Qc7 9. Qd2 b5 10. a3 a6 11. Bh6 Bb7 12. Nh4 c5 13. Bxg7 Kxg7 14. Bf3 cxd4 15.
Qxd4 Rac8 16. Rad1 Ne5 17. Be2 Nc4 18. Bxc4 Qxc4 19. Qe3 Qc5 20. Rd3 Qxe3 21.
Rxe3 Rc4 22. b3 Rc5 23. Rd1 Rfc8 24. Rdd3 a5 25. b4 axb4 26. axb4 Rc4 27. Nxb5
Bxe4 28. Rc3 Nd5 29. Rxc4 Rxc4 30. Ra3 Rxb4 31. Nc3 Nxc3 32. Rxc3 Bxc2 33. Nf3
Be4 34. Nd2 Rd4 35. Nc4 Rd1+ 36. Kh2 d5 37. Ne3 Rd2 38. Ng4 h5 39. Ne5 Rxf2 40.
Rg3 Rc2 41. h4 Rc7 42. Nd3 Bxd3 43. Rxd3 Rd7 0-1

[Event "30.Schlosspark-Open"]
[Site "Wiesbaden-Biebrich"]
[Date "2018.08.23"]
[Round "1.20"]
[White "Jansen, Dirk Norbert"]
[Black "Brechlin, Olaf"]
[Result "1-0"]
[WhiteElo "2190"]
[BlackElo "1849"]
[PlyCount "79"]
[EventDate "2018.??.??"]
[WhiteTeam "SV Weidenau/Geisweid"]
[BlackTeam "FVS ASP Hoyerswerda"]

1. e4 Nc6 2. Nf3 d5 3. exd5 Qxd5 4. Nc3 Qa5 5. Bb5 Bd7 6. d4 e6 7. O-O a6 8.
Bxc6 Bxc6 9. Ne5 Nf6 10. a3 Bd6 11. Nxc6 bxc6 12. Qf3 O-O 13. Be3 Qh5 14. Qxh5
Nxh5 15. Ne2 e5 16. dxe5 Bxe5 17. Bd4 Rfe8 18. Rfe1 Re6 19. Bxe5 Rxe5 20. Nd4
Rae8 21. Rxe5 Rxe5 22. Nxc6 Re2 23. Rd1 g6 24. Nd4 Re8 25. Nf3 Nf6 26. Kf1 Kg7
27. Rd4 Rb8 28. Rb4 Rxb4 29. axb4 Nd5 30. c3 Kf6 31. g3 Nb6 32. Ne1 Kf5 33. f3
Na4 34. Nd3 Ke6 35. c4 Kd6 36. b3 Nc3 37. Ke1 Na2 38. Kd2 c5 39. bxc5+ Kc6 40.
b4 1-0

[Event "30.Schlosspark-Open"]
[Site "Wiesbaden-Biebrich"]
[Date "2018.08.23"]
[Round "1.21"]
[White "Schoeber, Sebastian"]
[Black "Ebert, Wolfgang"]
[Result "1/2-1/2"]
[WhiteElo "1846"]
[BlackElo "2180"]
[PlyCount "103"]
[EventDate "2018.??.??"]
[WhiteTeam "Wiesbadener SV"]
[BlackTeam "Schachforum Darmstadt"]

1. d4 Nf6 2. Nf3 g6 3. Bf4 Bg7 4. e3 d6 5. h3 O-O 6. Be2 b6 7. O-O Bb7 8. Nc3
e6 9. a4 a6 10. Nd2 Nbd7 11. Nc4 Nd5 12. Nxd5 Bxd5 13. c3 Qe7 14. Nd2 e5 15.
Bg3 Bb7 16. Bf3 e4 17. Be2 f5 18. b4 g5 19. Bc4+ Kh8 20. Qh5 Rae8 21. Rae1 Qf6
22. Bb3 Qh6 23. Bd1 Nf6 24. Qxh6 Bxh6 25. c4 f4 26. exf4 gxf4 27. Bh4 f3 28.
Nxf3 exf3 29. Bxf6+ Kg8 30. Rxe8 Rxe8 31. d5 fxg2 32. Kxg2 Re4 33. Bg4 Bg7 34.
Bd8 Rxc4 35. Be6+ Kf8 36. f4 Ke8 37. Bg5 h6 38. Bh4 Rd4 39. Rc1 Bxd5+ 40. Bxd5
Rxd5 41. Rxc7 Bd4 42. Kf3 Bg1 43. Re7+ Kf8 44. Re1 Rd3+ 45. Kg2 Be3 46. f5 Kf7
47. Re2 Bg5 48. Bg3 b5 49. axb5 axb5 50. Re6 Rd5 51. Bxd6 Rxf5 52. Re4 1/2-1/2

[Event "30.Schlosspark-Open"]
[Site "Wiesbaden-Biebrich"]
[Date "2018.08.23"]
[Round "1.22"]
[White "Stork, Oliver"]
[Black "Muenstermann, Matthias"]
[Result "1-0"]
[WhiteElo "2175"]
[BlackElo "1839"]
[PlyCount "51"]
[EventDate "2018.??.??"]
[WhiteTeam "SV Oberursel"]
[BlackTeam "SK Langen"]

1. c4 e5 2. g3 Nf6 3. Bg2 Bc5 4. Nc3 O-O 5. e3 Nc6 6. Nge2 d6 7. O-O Be6 8. d4
Bxc4 9. dxc5 dxc5 10. Qxd8 Raxd8 11. b3 Bd3 12. Bxc6 bxc6 13. Ba3 Nd7 14. Rfd1
Bf5 15. Na4 e4 16. Nxc5 Ne5 17. Nb7 Rxd1+ 18. Rxd1 Rb8 19. Rd8+ Rxd8 20. Nxd8
Bc8 21. Nd4 Bd7 22. Kg2 h6 23. f4 exf3+ 24. Nxf3 Nd3 25. Nb7 Bf5 26. Nc5 1-0

[Event "30.Schlosspark-Open"]
[Site "Wiesbaden-Biebrich"]
[Date "2018.08.23"]
[Round "1.23"]
[White "Rowland, Anthony"]
[Black "Tischendorf, Michael"]
[Result "0-1"]
[WhiteElo "1832"]
[BlackElo "2177"]
[PlyCount "90"]
[EventDate "2018.??.??"]
[WhiteTeam "SC Taunusstein"]
[BlackTeam "SV Hofheim"]

1. d4 Nf6 2. Nf3 d6 3. c4 Nbd7 4. g3 e5 5. Bg2 Be7 6. Nc3 c6 7. O-O O-O 8. h3
a6 9. Qc2 Re8 10. Rd1 Qc7 11. e4 b5 12. b3 Nb6 13. dxe5 dxe5 14. Be3 Nfd7 15.
Nd2 Bb7 16. Qb2 b4 17. Ne2 Rad8 18. Nf3 Bf8 19. Rd2 c5 20. Qc2 Nb8 21. Rad1 Nc6
22. Kh2 Nd4 23. Bxd4 cxd4 24. Ne1 Nd7 25. Ng1 Nc5 26. Re2 Rd7 27. Nd3 a5 28.
Nxc5 Bxc5 29. Qd3 g6 30. Nf3 Rde7 31. Rde1 Rf8 32. Nd2 Ba7 33. Rc1 Qc6 34. Rg1
Qd6 35. Rge1 f5 36. Nf1 Qf6 37. Nd2 h5 38. exf5 Bxg2 39. Kxg2 gxf5 40. f3 Bb8
41. Nf1 Rg7 42. Kh2 h4 43. Rg2 Qg6 44. Kh1 Bc7 45. g4 fxg4 0-1

[Event "30.Schlosspark-Open"]
[Site "Wiesbaden-Biebrich"]
[Date "2018.08.23"]
[Round "1.24"]
[White "Ruppert, Wolfgang"]
[Black "Reinisch, Markus"]
[Result "1-0"]
[WhiteElo "2140"]
[BlackElo "1829"]
[PlyCount "61"]
[EventDate "2018.??.??"]
[WhiteTeam "SC Floersheim"]
[BlackTeam "Wiesbadener SV"]

1. e4 e6 2. Nf3 d5 3. Nc3 Nf6 4. e5 Nfd7 5. d4 c5 6. Bg5 Qb6 7. dxc5 Bxc5 8.
Qd2 Bxf2+ 9. Qxf2 Qxb2 10. Kd2 Qxa1 11. Bb5 Qxh1 12. Qc5 Qxg2+ 13. Ke1 Qxg5 14.
Nxg5 Na6 15. Qd6 h6 16. Nxd5 exd5 17. e6 Nac5 18. Nxf7 Rf8 19. exd7+ Bxd7 20.
Bxd7+ Kxf7 21. Qxc5 Kg8 22. Qxd5+ Kh8 23. Qxb7 Rad8 24. Qc7 Ra8 25. c4 Rf7 26.
Kd2 Raf8 27. Kc3 Rf2 28. a4 R8f7 29. Kb4 g5 30. Qe5+ Rg7 31. c5 1-0

[Event "30.Schlosspark-Open"]
[Site "Wiesbaden-Biebrich"]
[Date "2018.08.23"]
[Round "1.25"]
[White "Bolduan, Michael"]
[Black "Hermannsdoerfer, Frank"]
[Result "0-1"]
[WhiteElo "1827"]
[BlackElo "2157"]
[PlyCount "74"]
[EventDate "2018.??.??"]
[WhiteTeam "SC Taunusstein"]
[BlackTeam "SV Liebschwitz"]

1. e4 d6 2. d4 Nf6 3. Nc3 Nbd7 4. Bc4 e5 5. Nf3 Be7 6. O-O c6 7. dxe5 dxe5 8.
h3 b5 9. Bd3 Qc7 10. Be3 O-O 11. Qe2 a6 12. Nd1 Nc5 13. Rc1 Ncxe4 14. Bg5 Nxg5
15. Nxg5 g6 16. c4 b4 17. c5 Nd5 18. Qd2 Nf4 19. Nxf7 Rxf7 20. Bc4 Be6 21. Qxb4
Nd5 22. Bxd5 Bxd5 23. Ne3 Bg5 24. Rce1 Bxe3 25. Rxe3 Raf8 26. Ra3 e4 27. Qd4
Qe7 28. Re3 Qg5 29. Rg3 Qxg3 30. fxg3 Rxf1+ 31. Kh2 e3 32. Qxe3 R1f2 33. h4
Rxg2+ 34. Kh3 h5 35. Qh6 Rf6 36. Qg5 Rgf2 37. Qe5 Be6+ 0-1